00277 a2200109 450000100060000002000180000608200150002410000200003924500620005926000360012130000100015776674 a969-503-032-7 a922.97 AHM aSiraj Din Ahmed aHayat-e- Salah-uddin Ayubi ( Urdu)cSiraj Din Ahmedhurdu aLahorebAl-Faisal Nashranc2009 a220.P